[Event "EWCCC Online Preliminary-D 2020"]
[Site "Online"]
[Date "2020.12.19"]
[Round "9.4"]
[White "Jose Polanco, Kenia"]
[Black "Gunina, Valentina"]
[Result "0-1"]
[WhiteElo "1828"]
[BlackElo "2451"]
[Annotator "TA"]
[PlyCount "84"]
[EventDate "2020.12.19"]
[EventType "team-tourn"]
[EventCountry "NET"]
[SourceTitle "playchess.com"]
[Source "ChessBase"]
[SourceQuality "1"]

{[%evp 9,84,0,19,-2,0,0,0,0,0,0,3,0,3,0,50,0,10,-40,-42,-32,-33,-43,-41,-56,-44,-52,-38,-64,-29,-62,-15,-64,-51,-54,-68,-129,-115,-107,-105,-164,-158,-179,-173,-184,-150,-184,-146,-141,-151,-143,-152,-147,-110,-110,-2,-110,-103,-116,-8,-140,-139,-129,-130,-252,-244,-389,-271,-418,-417,-766,-764,-764,-764,-754,-679,-29988,-29989]} 1. d4 d5 2. Bf4 Nf6 3. e3 c5 4. c3 Nc6 5. Nd2 a6 6. a4 {[#] D00: 1 d4 d5: Unusual lines.} ({Of course not} 6. dxc5 e5 $15) 6... Bg4 $146 ({Predecessor:} 6... cxd4 7. exd4 Bf5 8. Ngf3 e6 9. Be2 Bd6 10. Bxd6 Qxd6 11. O-O O-O 12. Re1 Be4 13. Nxe4 Nxe4 {1-0 (47) Woltmann,M-Hjorth,J (1960) ICCF email 2012}) 7. Be2 Bxe2 8. Qxe2 {The position is equal.} e6 9. Ngf3 Be7 10. h3 O-O 11. O-O Ne4 12. Ne5 (12. Nxe4 {feels hotter.} dxe4 13. Nd2 f5 14. Rad1 cxd4 15. exd4 g5 16. Bh2) 12... Nxe5 13. dxe5 Nxd2 14. Qxd2 Qb6 15. a5 Qb5 16. Rfd1 Rfd8 17. Qc2 Rac8 {[%cal Ba8c8,Bc8c7,Bc7d7][%mdl 32]} 18. f3 h6 19. Kh1 Rc7 20. Qf2 Rcd7 21. h4 Qc4 22. Bg3 (22. Rac1 $15) 22... d4 $17 23. exd4 cxd4 24. cxd4 (24. Qc2 $17) 24... Rxd4 $19 25. Rxd4 Rxd4 ({Much less strong is} 25... Qxd4 26. Rc1 $15) 26. b3 Qd5 27. Rc1 Rd1+ 28. Rxd1 Qxd1+ 29. Kh2 Qxb3 30. Qa7 Kh7 31. Qb8 Qb1 ({Black should play} 31... Qb5 $17 32. Qc7 Qb4) 32. Qc7 (32. Qe8 $1 $11 Bc5 33. Qxf7) 32... Qb4 $17 33. h5 Kg8 (33... g5 $17 34. hxg6+ Kxg6) 34. Qc8+ {[#]} (34. Kh3 $1 $11 {remains equal.}) 34... Bf8 $1 35. Qc7 Qc5 $36 {[%mdl 2048] Black is really pushing.} 36. Qxb7 (36. Qd8 $17 {might work better.}) 36... Qxa5 $19 37. Qb8 (37. Qa8 {was worth a try.}) 37... Qb5 38. Qa8 (38. Qxb5 $142 axb5 39. Bf2) 38... a5 39. Be1 (39. Qe4 $142) 39... Qxe5+ {[%mdl 64] [#] Double Attack} 40. Bg3 Qxh5+ 41. Kg1 Qd5 42. Be1 Qxa8 {Weighted Error Value: White=0.67/Black=0.24} 0-1

[Event "EWCCC Online Preliminary-D 2020"]
[Site "Online"]
[Date "2020.12.19"]
[Round "9.4"]
[White "Rubsamen, Anais"]
[Black "Salimova, Nurgyul"]
[Result "0-1"]
[WhiteElo "1692"]
[BlackElo "2397"]
[Annotator "RC"]
[PlyCount "70"]
[EventDate "2020.12.19"]
[EventType "team-tourn"]
[EventCountry "NET"]
[SourceTitle "playchess.com"]
[Source "ChessBase"]
[SourceQuality "1"]
[TimeControl "900+5"]

1. Nf3 {[%emt 0:00:05]} d5 {[%emt 0:00:03]} 2. g3 {[%emt 0:00:01]} Nf6 {[%emt 0:00:02]} 3. Bg2 {[%emt 0:00:02]} g6 {[%emt 0:00:17]} 4. O-O {[%emt 0:00:01]} Bg7 {[%emt 0:00:02]} 5. c4 {[%emt 0:00:06]} O-O {[%emt 0:00:03]} 6. d3 {[%emt 0:00:04]} c5 {[%emt 0:00:44]} 7. Bg5 {[%emt 0:00:48]} dxc4 {[%emt 0:00:27]} 8. dxc4 {[%emt 0:00:04]} Ne4 {[%emt 0:00:12]} 9. Qc2 {[%emt 0:00:09]} Nxg5 {[%emt 0:00:40]} 10. Nxg5 {[%emt 0:00:04]} Nc6 {[%emt 0:00:05]} 11. Bxc6 {[%emt 0:00:30]} bxc6 {[%emt 0:00:04]} 12. Nf3 {[%emt 0:00:06]} Bf5 {[%emt 0:00:14]} 13. e4 {[%emt 0:00:14]} Bg4 {[%emt 0:00:14]} 14. Nbd2 {[%emt 0:00:03]} Rb8 {[%emt 0:00:09]} 15. Rab1 {[%emt 0:00:06]} Qa5 {[%emt 0:01:20]} 16. b3 {[%emt 0:00:10]} Rfd8 {[%emt 0:00:12]} 17. Kg2 {[%emt 0:00:20]} Bh6 {[%emt 0:01:11]} 18. Rfd1 {[%emt 0:00:18]} Bxd2 {[%emt 0:00:19]} 19. b4 {[%emt 0:00:30]} Bxb4 {[%emt 0:00:23]} 20. Rxd8+ {[%emt 0:00:26]} Rxd8 {[%emt 0:00:03]} 21. Ne5 {[%emt 0:00:01]} Bd7 {[%emt 0:00:27]} 22. Rd1 {[%emt 0:00:06]} Be8 {[%emt 0:00:10]} 23. Rxd8 {[%emt 0:01:25]} Qxd8 {[%emt 0:00:03]} 24. Qa4 {[%emt 0:00:01]} Bc3 {[%emt 0:00:27]} 25. Nf3 {[%emt 0:00:10]} Qd7 {[%emt 0:00:14]} 26. Qa3 {[%emt 0:00:06]} Bd4 {[%emt 0:00:05]} 27. Qa6 {[%emt 0:00:19]} f6 {[%emt 0:00:06]} 28. Qa4 {[%emt 0:00:12]} Bf7 {[%emt 0:00:04]} 29. Qb3 {[%emt 0:00:25]} Kg7 {[%emt 0:00:07]} 30. a4 {[%emt 0:00:07]} Qe6 {[%emt 0:00:17]} 31. Nd2 {[%emt 0:00:02]} f5 {[%emt 0:00:05]} 32. exf5 {[%emt 0:00:10]} Qe2 {[%emt 0:00:21]} 33. Nf3 {[%emt 0:00:27]} Bxc4 {[%emt 0:00:09]} 34. Qb1 {[%emt 0:00:15]} Qxf2+ {[%emt 0:00:11]} 35. Kh1 {[%emt 0:00:02]} Qxf3# {[%emt 0:00:02]} 0-1